<?xml version="1.0" encoding="UTF-8"?>
<record
    xmlns:xsi="http://www.w3.org/2001/XMLSchema-instance"
    xsi:schemaLocation="http://www.loc.gov/MARC21/slim http://www.loc.gov/standards/marcxml/schema/MARC21slim.xsd"
    xmlns="http://www.loc.gov/MARC21/slim">

  <leader>01578nabaa22002057a 4500</leader>
  <datafield tag="999" ind1=" " ind2=" ">
    <subfield code="c">6110</subfield>
    <subfield code="d">6110</subfield>
  </datafield>
  <controlfield tag="003">OSt</controlfield>
  <controlfield tag="005">20260122094240.0</controlfield>
  <controlfield tag="008">190701b        xxu||||| |||| 00| 0 spa d</controlfield>
  <datafield tag="040" ind1=" " ind2=" ">
    <subfield code="c">PJ</subfield>
  </datafield>
  <datafield tag="100" ind1=" " ind2=" ">
    <subfield code="9">6878</subfield>
    <subfield code="a">Garda, Juan B. </subfield>
  </datafield>
  <datafield tag="245" ind1="1" ind2="3">
    <subfield code="a">La omisi&#xF3;n de la licitaci&#xF3;n p&#xFA;blica, consecuencias jur&#xED;dicas y an&#xE1;lisis cr&#xED;tico de la doctrina jurisprudencial de la CS :</subfield>
    <subfield code="b">&#xBF;es correcto decretar la &#x201C;inexistencia&#x201D; del contrato administrativo ante la omisi&#xF3;n de la licitaci&#xF3;n p&#xFA;blica exigida por la ley? /</subfield>
    <subfield code="c">Juan B. Garda.</subfield>
  </datafield>
  <datafield tag="300" ind1=" " ind2=" ">
    <subfield code="a">p. 3-22</subfield>
  </datafield>
  <datafield tag="505" ind1=" " ind2=" ">
    <subfield code="a">Sumario: I. Introducci&#xF3;n.&#x2014; II. La doctrina jurisprudencial de la CS: ante omisi&#xF3;n de licitaci&#xF3;n p&#xFA;blica deriva la inexistencia del contrato administrativo.&#x2014; III. La licitaci&#xF3;n p&#xFA;blica hace al &#x201C;procedimiento&#x201D; del contrato administrativo, no a su &#x201C;forma&#x201D;.&#x2014; IV. Nulidad absoluta e inexistencia. Incongruencia de la doctrina jurisprudencial de la CS en materia de contratos administrativos a la luz de los principios del derecho p&#xFA;blico.&#x2014; V. Las consecuencias muy distintas que producen la nulidad absoluta y la inexistencia de un contrato administrativo.&#x2014; VI. Consideraciones finales. Mi respuesta al interrogante.</subfield>
  </datafield>
  <datafield tag="505" ind1=" " ind2=" ">
    <subfield code="t">&#xBF;Te interesa el texto completo? Comunicate al correo: koha@justierradelfuego.gov.ar
</subfield>
  </datafield>
  <datafield tag="650" ind1=" " ind2="0">
    <subfield code="9">211</subfield>
    <subfield code="a">DERECHO ADMINISTRATIVO</subfield>
  </datafield>
  <datafield tag="650" ind1=" " ind2="0">
    <subfield code="9">1170</subfield>
    <subfield code="a">CONTRATOS ADMINISTRATIVOS</subfield>
  </datafield>
  <datafield tag="650" ind1=" " ind2="0">
    <subfield code="9">2988</subfield>
    <subfield code="a">LICITACION P&#xDA;BLICA</subfield>
  </datafield>
  <datafield tag="773" ind1="0" ind2=" ">
    <subfield code="0">2842</subfield>
    <subfield code="9">3251</subfield>
    <subfield code="d">Buenos Aires : AbeledoPerrot, 2012-</subfield>
    <subfield code="o">DA121</subfield>
    <subfield code="t">Derecho administrativo. N&#xBA; 146 marzo/abril 2023</subfield>
    <subfield code="z">18510590</subfield>
  </datafield>
  <datafield tag="942" ind1=" " ind2=" ">
    <subfield code="2">udc</subfield>
    <subfield code="c">ANA</subfield>
  </datafield>
</record>
